Score 0/12 Timer 01:30
0 Plays Today
% Correct
Prince
94.4%
Gene Kelly
88.1%
Adele
73.7%
Creedence Clearwater Revival
72.6%
Guns N’ Roses
64.2%
Eurythmics
63.5%
James Taylor
61.7%
Bob Dylan
60.3%
Blind Melon
47.9%
Led Zeppelin
39.9%
Bruno Mars
37.6%
Selena Gomez & The Scene
28.2%

Today's Daily Dose

Remove Ads.
Support Sporcle.
Get the best of Sporcle when you Go Orange. This ad-free experience offers more features, more stats, and more fun while also helping to support Sporcle. Thank you for becoming a member.

You're not logged in!

Compare scores with friends on all Sporcle quizzes.
OR
Log In

Show Comments

Extras

Top Quizzes Today


Score Distribution

Your Account Isn't Verified!

In order to create a playlist on Sporcle, you need to verify the email address you used during registration. Go to your Sporcle Settings to finish the process.

Report this User

Report this user for behavior that violates our Community Guidelines.

Details: